Những đóng góp của Đại Việt tập chí trong việc nghiên cứu văn hóa văn học Nam bộ : Luận văn thạc sĩ chuyên ngành Văn học Việt Nam

Đề tài tìm hiểu, thống kê những bài nghiên cứu về văn học, văn hóa trên Đại Việt tập chí, khảo sát, chỉ ra được những nét riêng, độc đáo của Đại Việt tập chí trong việc nghiên cứu văn học và văn hóa Nam Bộ so với những tờ báo khác....

Ful tanımlama

Kaydedildi:
Detaylı Bibliyografya
Yazar: Diệp, Thanh Phong
Materyal Türü: Kitap
Dil:Undetermined
Baskı/Yayın Bilgisi: Cần Thơ Trường Đại học Cần Thơ 2012
Konular:
Etiketler: Etiketle
Etiket eklenmemiş, İlk siz ekleyin!
Thư viện lưu trữ: Trung tâm Học liệu Trường Đại học Cần Thơ
LEADER 01295nam a2200241Ia 4500
001 CTU_178433
008 210402s9999 xx 000 0 und d
082 |a 895.92209 
082 |b Ph431 
088 |a 60220121 
100 |a Diệp, Thanh Phong 
245 0 |a Những đóng góp của Đại Việt tập chí trong việc nghiên cứu văn hóa văn học Nam bộ : 
245 0 |b Luận văn thạc sĩ chuyên ngành Văn học Việt Nam 
245 0 |c Diệp Thanh Phong ; Đoàn Lê Giang (Hướng dẫn khoa học) 
260 |a Cần Thơ 
260 |b Trường Đại học Cần Thơ 
260 |c 2012 
520 |a Đề tài tìm hiểu, thống kê những bài nghiên cứu về văn học, văn hóa trên Đại Việt tập chí, khảo sát, chỉ ra được những nét riêng, độc đáo của Đại Việt tập chí trong việc nghiên cứu văn học và văn hóa Nam Bộ so với những tờ báo khác. 
650 |a Vietnamese literature,History and criticism,Văn học Việt Nam 
650 |x Lịch sử và phê bình 
904 |i Thái 
910 |a Nguyên 
980 |a Trung tâm Học liệu Trường Đại học Cần Thơ